| 000 | 01338nam a22002415i 4500 | ||
|---|---|---|---|
| 001 | 163002 | ||
| 003 | ES-MaACL | ||
| 005 | 20230906212639.0 | ||
| 008 | 991129s1844 fr |||| | fre d | ||
| 040 |
_aCCPB | B _bspa _cCCPB | B |
||
| 080 | _a811.13 | ||
| 100 | 1 |
_aRaynouard, François Just Marie. _9131632 |
|
| 245 | 1 | 0 |
_aLexique roman ou Dictionnaire de la langue des troubadours _b: comparée avec les autres langues de l'europe latina : précédé de nouvelles recherches historiques et philologiques d'un résumé de la grammaire romane d'un nouveau choix des poésies originales des troubadours et d'extraits de poèmes divers / _cpar M. Raynouard. |
| 260 |
_aA Paris : _bchez Silvestre, libraire, _c1844 ( _fImp. Simon Raçon et Comp.) |
||
| 300 |
_a6 v. ([2], LXXXVIII, 582, [2] ; [4], XCII, 536 ; [4], 611 ; [4], 675 ; [4], 611 ; [4], 555 p.) ; _c23 cm. |
||
| 505 | 8 | _aContiene: Tome premier. Recherches, grammaire, poésies -- Tome second. A-C -- Tome troisiéme. D-K -- Tome quatriéme. L-P -- Tome cinquiéme. Q-Z -- Tome sixiéme. Apendice, vocabulaire | |
| 597 | _aAntep. | ||
| 650 | 4 |
_aLenguas románicas. _914367 |
|
| 650 | 4 |
_aTrovadores- _xHistoria- _vTextos. _9136960 |
|
| 740 | 0 | _aDictionnaire de la langue des troubadours. | |
| 752 |
_aFrancia - _dParís |
||
| 852 | 4 |
_aES-MaACL _jG-15778-15783 _z-- Enc. hol. |
|
| 999 |
_c163002 _d163002 |
||